Construcción y diseño de las pilas del puente sobre el Río Tiribí del proyecto San José-Santa Ana
שמור ב:
| מחבר ראשי: | |
|---|---|
| פורמט: | לא ידוע |
| יצא לאור: |
[San José, Costa Rica]
1973
|
| נושאים: | |
| תגים: |
הוספת תג
אין תגיות, היה/י הראשונ/ה לתייג את הרשומה!
|
MARC
| LEADER | 00000 a2200000 4500 | ||
|---|---|---|---|
| 003 | 011419 | ||
| 005 | 20221231143819.0 | ||
| 008 | 140114s1973 cr a m 000 ||s d | ||
| 040 | |c cru CEDI | ||
| 090 | |a TFG 496 | ||
| 100 | |a Elchler Gámez, Federico |9 18071 | ||
| 245 | |a Construcción y diseño de las pilas del puente sobre el Río Tiribí del proyecto San José-Santa Ana | ||
| 260 | |c 1973 |a [San José, Costa Rica] | ||
| 300 | |a 44 hojas : cuadros, gráficos (algunas plegables y color) ; 28 cm | ||
| 500 | |a Tesis (Ingeniero Civil) Universidad de Costa Rica. | ||
| 501 | |a Ed. mimeografiada. | ||
| 650 | |x CONSTRUCCION DE PUENTES |9 18072 | ||
| 942 | |c TFG | ||
| 999 | |c 12379 |d 12379 | ||
